000 00482nam a2200181Ia 4500
005 20250423095053.0
008 250422s9999 xx 000 0 und d
020 _a9789350146163
050 _aHV 553 .K86/
100 _aKumar, Arun Er.
245 0 _aDisaster management
260 _aNew Delhi
260 _bS. K. Kataria & Sons
260 _c2016
300 _a438 p
650 _a Emergency management. Emergency management--India. Disasters.
942 _cBK
999 _c29148
_d29148